ARRUPE JESUIT UNIVERSITY

CORONAVIRUS -STOP THE SPREAD - CLEAN,DISINFECT,COVER

Reflections on the conquest of America : (Record no. 118765)

MARC details
000 -LEADER
fixed length control field 01406cam a2200313 a 4500
001 - CONTROL NUMBER
control field 152901
003 - CONTROL NUMBER IDENTIFIER
control field ARRUPE
005 - DATE AND TIME OF LATEST TRANSACTION
control field 20131127122830.0
008 - FIXED-LENGTH DATA ELEMENTS--GENERAL INFORMATION
fixed length control field 980108s1996 nhu b s100 0 eng
010 ## - LIBRARY OF CONGRESS CONTROL NUMBER
LC control number 98102260
040 ## - CATALOGING SOURCE
Original cataloging agency DLC
Transcribing agency DLC
041 0# - LANGUAGE CODE
Language code of text/sound track or separate title eng
-- por
-- spa
043 ## - GEOGRAPHIC AREA CODE
Geographic area code cl-----
050 00 - LIBRARY OF CONGRESS CALL NUMBER
Classification number PC4021
Item number .A64 1992
300 ## - PHYSICAL DESCRIPTION
Dimensions 23 cm.
110 2# - MAIN ENTRY--CORPORATE NAME
Corporate name or jurisdiction name as entry element American Association of Teachers of Spanish and Portuguese.
Subordinate unit Northeast Regional Meeting
Number of part/section/meeting (5th :
Date of meeting or treaty signing 1992 :
Location of meeting Manchester, N.H.)
9 (RLIN) 4154
245 10 - TITLE STATEMENT
Title Reflections on the conquest of America :
Remainder of title five hundred years after : selected papers of the fifth biennial Northeast Regional Meeting of the American Association of teachers of Spanish and Portuguese /
Statement of responsibility, etc editors, F. William Forbes ... [et al.].
260 ## - PUBLICATION, DISTRIBUTION, ETC. (IMPRINT)
Place of publication, distribution, etc Durham, NH :
Name of publisher, distributor, etc University of New Hampshire,
Date of publication, distribution, etc 1996.
300 ## - PHYSICAL DESCRIPTION
Extent 245 p. ;
500 ## - GENERAL NOTE
General note "September 24-26, 1992, Manchester, NH"--Cover.
504 ## - BIBLIOGRAPHY, ETC. NOTE
Bibliography, etc Includes bibliographical references.
546 ## - LANGUAGE NOTE
Language note English, Portuguese, and Spanish.
650 #0 - SUBJECT ADDED ENTRY--TOPICAL TERM
Topical term or geographic name as entry element Spanish philology
Form subdivision Congresses.
9 (RLIN) 4155
650 #0 - SUBJECT ADDED ENTRY--TOPICAL TERM
Topical term or geographic name as entry element Spanish American literature
Chronological subdivision 20th century
General subdivision History and criticism
Form subdivision Congresses.
9 (RLIN) 4156
650 #0 - SUBJECT ADDED ENTRY--TOPICAL TERM
Topical term or geographic name as entry element Spanish language
General subdivision Study and teaching
-- Foreign speakers
Form subdivision Congresses.
9 (RLIN) 4157
700 1# - ADDED ENTRY--PERSONAL NAME
Personal name Forbes, F. William.
9 (RLIN) 4158
906 ## - LOCAL DATA ELEMENT F, LDF (RLIN)
a 7
b cbc
c orignew
d 3
e ncip
f 19
g y-gencatlg
942 ## - ADDED ENTRY ELEMENTS (KOHA)
Source of classification or shelving scheme Library of Congress Classification
Koha item type Monograph ( Printed materials)
Holdings
Withdrawn status Lost status Source of classification or shelving scheme Damaged status Not for loan Home library Current library Shelving location Date acquired Total Checkouts Full call number Barcode Date last seen Price effective from Koha item type
    Library of Congress Classification     ARRUPE LIBRARY ARRUPE LIBRARY Main Collection 27/11/2013   PC4021 .A64 1992 46410388 27/03/2019 27/11/2013 Monograph ( Printed materials)

 

Arrupe Library. PO Box MP320 Mt Pleasant, Harare, Zimbabwe
263 242 745411|librarian@aju.ac.zw